000 00781nam0a22002411 4500
001 rc\1003922
005 20041129101951.0
035 _a(NLR Aleph) 006169933
090 _a5953631
_c5953631
100 _a20041129d1981 u |0rusy50 ca
101 0 _arus
102 _aRU
105 _aa |||||||||
200 1 _aГамлет, принц датский
_fУильям Шекспир
_gПер. Б. Пастернака
_g[Ид. М.А. Курушина]
210 _aИжевск
_cУдмуртия
_d1981
215 _a175 с.
_cил.
_d20
700 1 _aШекспир
_bВ.
_gВильям
702 1 _aПастернак
_bБ. Л.
_gБорис Леонидович
_4730
801 0 _aRU
_bNLR
_gpsbo
801 1 _aRU
_bELAR
_2rusmarc
852 _aNLR
_j82-3/1147
942 _cBOOK
980 _aNB